Sports Quiz

Random Sports or Football Quiz

NFL Threesomes Quiz Stats

 Plays Quiz not verified by Sporcle

Challenge
Share
Tweet
Embed
Score 0/24 Timer 10:00
0 Plays Today
% Correct
Coached by Bill Parcells
84.1%
Quarterbacked by a Manning
81.9%
Never played in a Super Bowl
77.5%
Lost to Patriots in a Super Bowl
76.8%
Coached by Dick Vermeil
74.6%
Had Deion Sanders on their roster
73.2%
Had Jerry Rice on their roster
73.2%
Quarterbacked by Vinny Testaverde
71.7%
Coached by Marty Schottenheimer
69.6%
Play in dome stadiums
65.9%
Drafted a Hall of Fame quarterback in 1983
63.8%
Defeated Patriots in a Super Bowl
63.8%
% Correct
Defeated Vikings in a Super Bowl
63%
Play in stadiums NOT corporately named
63%
Had a 2,000 yard rusher
61.6%
Won a Super Bowl in Miami
60.9%
Lost multiple Super Bowls without ever winning one
60.9%
Lost only Super Bowl appearance
60.1%
Had a defensive player named Super Bowl MVP
59.4%
Won consecutive Super Bowls
56.5%
Won only Super Bowl appearance
56.5%
Drafted QB First overall in 2000s
55.8%
Built new stadium in 2000s
54.3%
Represented two different cities in Super Bowls
39.1%

You're not logged in!

Compare scores with friends on all Sporcle quizzes.
Join for Free
OR
Log In

You Might Also Like...

Show Comments

Extras

Top Quizzes Today


Score Distribution

Your Account Isn't Verified!

In order to create a playlist on Sporcle, you need to verify the email address you used during registration. Go to your Sporcle Settings to finish the process.

Report this User

Report this user for behavior that violates our Community Guidelines.

Details: